Adivinhe o país misterioso em 3 minutos - Statistics

Estatísticas Gerais
  • Esse quiz foi jogado 122 vezes
  • A pontuação média é 11 de 24
Estatísticas das Respostas
Resposta % Correto
Espanha
71%
Polônia
55%
Uruguai
53%
Áustria
51%
Equador
50%
Ucrânia
50%
Argélia
49%
Armênia
46%
Bélgica
46%
Noruega
45%
Andorra
43%
Estônia
43%
Irlanda
43%
Turquia
43%
Hungria
41%
Romênia
41%
Tunísia
39%
Burundi
37%
Nigéria
37%
Senegal
37%
Etiópia
34%
Vanuatu
34%
Granada
33%
Camboja
30%
Nenhum quiz correspondente encontrado
Distribuição das Pontuações
Porcentagem de Pessoas com Cada Pontuação
Percentil de Números Respondidos
Sua Pontuação Histórica
Você não jogou esse quiz